00776nam a22001817a 450000500170000000800410001702000180005804000070007604100080008308200200009110000150011124500260012626000390015230000310019136500630022252002740028565000350055920230324115051.0221209b ||||| |||| 00| 0 eng d a9781859961537 cAL aeng 223a574.3bTWYI aTwyman R.M aDevelopmental Biology aNew YorkbTaylor and Francisc2001 avi,451p.bPBc24.5x18.5cm. 2Generala6288b₹1937.00c₹d₹2421.53e20%f3/12/2022 aCoverage of the field in Instant Notes in Developmental Biology is current and focuses largely on the principles of embryonic development. It is designed to provide a clear summary of the principles of developmental biology in a compact and easily manageable structure. 2BiologyaDevelopmental Biology